000 00966nam a22003137a 4500
003 CHAP
005 20220817042704.0
008 971013s1976 r 00010 d
010 _a52311
011 _a53283
035 _a57433
040 _cCHAP
082 _a631.521
_bP6
100 0 0 _aPopinigis, Flavio.
_990891
245 _aColetanea de resumos de teses e dissertacoes sobre sementes
260 _aBrasilia :
_bMinisterio da Agricultura,
_c1976
300 _av.
500 _aLa biblioteca tiene: v.1
590 _aBATCH-UPD
_b10
_c20130110
_lUCH01
_h0502
590 _aBATCH-UPD
_b10
_c20130410
_lUCH01
_h0140
590 _aBATCH-UPD
_b10
_c20130914
_lUCH01
_h1933
590 _aCONVERSION
_b10
_c20130109
_lUCH01
_h1328
650 1 4 _aSemillas
_xBibliografía.
_9103880
650 1 4 _aTesis
_xBibliografía.
700 0 _aRosal, Celso L.
_999886
901 _aBK
942 _cLIBRO
949 _a631.521 P6
_bBC
_cC
_d33724000537478
_eC
_fv.1
_h44646
_i57433
_mD
_si
999 _c52311
_d52311